000 00421nam a2200157Ia 4500
008 230711s9999||||xx |||||||||||||| ||und||
041 _aENG
082 _a4
_bPL-F
100 _aKlir,George J.
245 0 _aFuzzy set and fuzzy logic theory and applications
250 _a1st . . Ed.
260 _c2003
_aNew Delhi
_bPHI Learning Private Limited
650 _aComputer Engineering
700 _aYuan,Bo  
942 _cBK
999 _c4302
_d4302